[Event "Saint Louis Blitz 2020"]
[Site "Internet"]
[Date "18.09.2020"]
[Round "3B"]
[White "Aronian,L"]
[Black "So,W"]
[Result "1/2-1/2"]
[WhiteElo "2773"]
[BlackElo "2770"]
[EventDate "2020.09.15"]

1. e4 e5 2. Nf3 Nc6 3. Bc4 Bc5 4. d3 Nf6 5. c3 d6 6. O-O O-O 7. Nbd2 a6 8.
Bb3 h6 9. Re1 Re8 10. Nf1 Ba7 11. Ng3 Be6 12. Ba4 b5 13. Bc2 d5 14. exd5
Bxd5 15. Be3 Bxe3 16. Rxe3 Qd7 17. h3 Re6 18. Ne4 Bxe4 19. dxe4 Rd6 20. Qf1
Qe7 21. a4 b4 22. a5 bxc3 23. bxc3 Rb8 24. Bd3 Ra8 25. Bxa6 Nd7 26. Bb7 Ra7
27. Bxc6 Rxc6 28. Qb5 Rb6 29. Qc4 Rba6 30. Rd3 Nc5 31. Rd5 Rxa5 32. Rxa5
Rxa5 33. Rxe5 Qd6 34. Qd4 f6 35. Qxd6 cxd6 36. Re7 Kf8 37. Rc7 Nxe4 38. Nd4
Re5 39. f3 Nc5 40. Rc8+ Kf7 41. Rc7+ Kf8 42. Rc6 Ke7 43. f4 Re1+ 44. Kf2
Nd3+ 45. Kg3 Re3+ 46. Kh2 g6 47. f5 g5 48. Rc7+ Ke8 49. Rh7 g4 50. hxg4 Ne5
51. g3 Nxg4+ 52. Kh3 Nf2+ 53. Kg2 Ne4 54. Rh8+ Ke7 55. Rh7+ Ke8 56. Rh8+
Ke7 57. Rh7+ Ke8 1/2-1/2

[Event "Saint Louis Blitz 2020"]
[Site "Internet"]
[Date "18.09.2020"]
[Round "3B"]
[White "Nepomniachtchi,I"]
[Black "Dominguez Perez,L"]
[Result "1-0"]
[WhiteElo "2784"]
[BlackElo "2758"]
[EventDate "2020.09.15"]

1. b3 d5 2. Bb2 c5 3. e3 Nf6 4. Nf3 g6 5. c4 dxc4 6. Bxc4 Bg7 7. O-O O-O 8.
d4 cxd4 9. Nxd4 Bd7 10. Nd2 Nc6 11. N4f3 a6 12. Rc1 b5 13. Be2 Qb6 14. a3
Rfd8 15. Qc2 Rac8 16. Qb1 Ne8 17. Bxg7 Nxg7 18. Qb2 Bf5 19. b4 Ne6 20. Rc3
Bg4 21. Rfc1 Na7 22. h3 Bxf3 23. Nxf3 Rxc3 24. Rxc3 Rc8 25. Rd3 Rd8 26. Ne5
Rxd3 27. Nxd3 Qd6 28. Qc3 Qc6 29. Qe5 Qc7 30. Qd5 Kg7 31. Bf3 Nc8 32. Bg4
Nb6 33. Qe4 Nf8 34. Qd4+ f6 35. Nc5 e5 36. Qd3 f5 37. Bd1 Nc4 38. Bb3 Nd6
39. Qd5 e4 40. Qg8+ 1-0

[Event "Saint Louis Blitz 2020"]
[Site "Internet"]
[Date "18.09.2020"]
[Round "3B"]
[White "Grischuk,A"]
[Black "Firouzja,Alireza"]
[Result "1/2-1/2"]
[WhiteElo "2777"]
[BlackElo "2728"]
[EventDate "2020.09.15"]

1. d4 Nf6 2. Nf3 d5 3. Bf4 c5 4. e3 Nc6 5. Nbd2 cxd4 6. exd4 Qb6 7. Nb3 Bg4
8. Be2 e6 9. O-O Be7 10. a4 a6 11. a5 Qd8 12. Ne5 Bxe2 13. Qxe2 Rc8 14.
Nxc6 Rxc6 15. Be5 O-O 16. Bxf6 gxf6 17. c3 Bd6 18. f4 Kh8 19. Nc1 Bc7 20.
Qh5 Qe7 21. Nd3 Rg8 22. Rf3 f5 23. Rh3 Rg7 24. Qf3 Bd6 25. Kh1 Rc8 26. Rg3
Rg6 27. Rxg6 hxg6 28. g3 Kg7 29. h4 Rh8 30. Kg2 Qd7 31. Qe2 Qb5 32. Kf2 Rh7
33. Ne1 Qxe2+ 34. Kxe2 g5 35. hxg5 Rh2+ 36. Ke3 Rxb2 37. Nd3 Rc2 38. Rb1
Rxc3 39. Rxb7 Ra3 40. Rb6 Bc7 41. Rxa6 Bxa5 42. Ke2 Ra2+ 43. Kf3 Ra3 44.
Ke2 Ra2+ 45. Kf3 Ra1 46. Ne5 Bc3 47. Rxa1 Bxa1 48. Ke3 Bc3 49. Nc6 Kf8 50.
Ne5 Kg8 51. Nc6 Kg7 52. Ne5 Ba5 53. Nc6 Bc7 54. Kf3 Bd6 55. Ke3 Kg6 56. Kf3
f6 57. gxf6 Kxf6 58. g4 fxg4+ 59. Kxg4 Bc7 60. Kf3 Bd6 61. Kg4 Ba3 62. Ne5
Bb2 63. Nc6 Bc3 64. Kf3 Ba1 65. Kg4 Bb2 66. Kf3 Ba3 67. Kg4 Bd6 68. Na5 Bc7
69. Nc6 Bd6 70. Na5 Bc7 71. Nc6 Bd6 1/2-1/2

[Event "Saint Louis Blitz 2020"]
[Site "Internet"]
[Date "18.09.2020"]
[Round "4B"]
[White "Dominguez Perez,L"]
[Black "Grischuk,A"]
[Result "0-1"]
[WhiteElo "2758"]
[BlackElo "2777"]
[EventDate "2020.09.15"]

1. e4 c5 2. Nf3 d6 3. d4 cxd4 4. Nxd4 Nf6 5. Nc3 a6 6. Be2 e5 7. Nb3 Be7 8.
Be3 Be6 9. O-O Nbd7 10. a4 Rc8 11. Qd3 O-O 12. a5 Qc7 13. Rfc1 Rfe8 14. Nd5
Bxd5 15. exd5 Nc5 16. Qd1 Nfe4 17. f3 Nf6 18. c4 Nxb3 19. Qxb3 Nd7 20. Qa3
h6 21. b4 Bg5 22. Bxg5 hxg5 23. Qe3 Qd8 24. Rc3 Nf6 25. Rd1 e4 26. Qd4 exf3
27. Bxf3 g4 28. Bxg4 Re4 29. Bxc8 Rxd4 30. Rxd4 Qxc8 31. c5 Qe8 0-1

[Event "Saint Louis Blitz 2020"]
[Site "Internet"]
[Date "18.09.2020"]
[Round "4B"]
[White "So,W"]
[Black "Nepomniachtchi,I"]
[Result "1-0"]
[WhiteElo "2770"]
[BlackElo "2784"]
[EventDate "2020.09.15"]

1. d4 Nf6 2. c4 g6 3. Nc3 d5 4. cxd5 Nxd5 5. e4 Nxc3 6. bxc3 Bg7 7. Nf3 c5
8. Rb1 O-O 9. Be2 Bg4 10. Rxb7 Bxf3 11. Bxf3 cxd4 12. cxd4 Bxd4 13. O-O Nc6
14. Qa4 Rc8 15. Ba3 Bb6 16. Rd1 Qe8 17. Be2 Na5 18. Bb5 Nxb7 19. Bxe8 Rfxe8
20. g3 Nc5 21. Bxc5 Bxc5 22. Kg2 Red8 23. Rxd8+ Rxd8 24. Qc2 Bb6 25. a4 e5
26. h4 h5 27. f3 Be3 28. Qc3 Bd4 29. Qc7 Re8 30. a5 Re6 31. f4 Kg7 32. Kf3
Rf6 33. Qd7 Bc3 34. Qxa7 exf4 35. gxf4 Be5 36. Qe3 Bc7 37. Qc3 Bb8 38. a6
Ba7 39. f5 gxf5 40. exf5 Bb8 41. Ke4 Ba7 42. Qb2 Bb6 43. Qc3 Bf2 44. Kf4
1-0

[Event "Saint Louis Blitz 2020"]
[Site "Internet"]
[Date "18.09.2020"]
[Round "4B"]
[White "Carlsen,M"]
[Black "Aronian,L"]
[Result "1-0"]
[WhiteElo "2863"]
[BlackElo "2773"]
[EventDate "2020.09.15"]

1. c4 Nf6 2. Nc3 e5 3. e3 Bb4 4. Nge2 O-O 5. a3 Be7 6. d4 exd4 7. Qxd4 Nc6
8. Qd1 Re8 9. Nf4 Bd6 10. Nfd5 Be5 11. Be2 Nxd5 12. cxd5 Bxc3+ 13. bxc3 Ne5
14. O-O d6 15. c4 Qh4 16. Qc2 b6 17. Bb2 Qh6 18. e4 Nd7 19. Rae1 Nc5 20.
Bd1 Qg6 21. Re3 Nxe4 22. Rfe1 Bf5 23. g4 Bxg4 24. Bxg4 Qxg4+ 25. Kh1 f5 26.
f3 Qh4 27. fxe4 f4 28. Qg2 Re7 29. R3e2 Qh5 30. Rf2 Rf8 31. Rg1 Rff7 32.
Bd4 f3 33. Qg4 Qxg4 34. Rxg4 h5 35. Rh4 g6 36. Kg1 Kh7 37. Rd2 Kh6 38. e5
dxe5 39. Be3+ g5 40. Re4 Kg6 41. c5 Kf5 42. Rc4 bxc5 43. Rxc5 Re8 44. Kf2
g4 45. Rc6 Rh8 46. Bxa7 h4 47. Be3 Rg7 48. a4 e4 49. d6 g3+ 50. Kf1 cxd6
51. h3 Rd8 52. Rd5+ Ke6 53. Rh5 Rb7 54. Rh6+ Kd5 55. Rc1 Rb3 56. Bg5 Re8
57. Bxh4 g2+ 58. Kg1 e3 59. Rd1+ Kc4 60. Rhxd6 f2+ 61. Kxg2 Rg8+ 62. Kf3
Rg1 63. R6d4+ Kc3 64. Bxf2 exf2 65. Kxf2 Rxd1 66. Rxd1 Kc2 67. Rh1 Ra3 68.
h4 Kd3 69. Kf3 Kd4+ 70. Kf4 Rxa4 71. h5 Kd5+ 72. Kf5 Ra2 73. h6 Rf2+ 74.
Kg6 Rg2+ 75. Kf6 Rf2+ 76. Ke7 Re2+ 77. Kd7 Ra2 78. Rh5+ Ke4 79. h7 Ra7+ 80.
Ke6 1-0

[Event "Saint Louis Blitz 2020"]
[Site "Internet"]
[Date "18.09.2020"]
[Round "5B"]
[White "Aronian,L"]
[Black "Xiong,Jeffery"]
[Result "0-1"]
[WhiteElo "2773"]
[BlackElo "2709"]
[EventDate "2020.09.15"]

1. d4 Nf6 2. c4 c5 3. d5 b5 4. Nf3 g6 5. Qc2 bxc4 6. e4 Bg7 7. Bxc4 d6 8.
O-O O-O 9. Nc3 Nfd7 10. Re1 a5 11. Bf4 Ba6 12. Bxa6 Nxa6 13. Qd2 Qb8 14.
Bh6 Qb4 15. Bxg7 Kxg7 16. a3 Qb3 17. e5 Rae8 18. Re3 Nc7 19. Rae1 dxe5 20.
Nxe5 Nf6 21. Rh3 h5 22. g4 h4 23. Rxh4 Rh8 24. Rxh8 Rxh8 25. d6 exd6 26.
Qxd6 Ne6 27. Qe7 Ng5 28. Re3 Qxb2 29. Nd7 Nxg4 30. Ne4 0-1

[Event "Saint Louis Blitz 2020"]
[Site "Internet"]
[Date "18.09.2020"]
[Round "5B"]
[White "Grischuk,A"]
[Black "So,W"]
[Result "1/2-1/2"]
[WhiteElo "2777"]
[BlackElo "2770"]
[EventDate "2020.09.15"]

1. d4 Nf6 2. c4 e6 3. Nf3 d5 4. g3 Be7 5. Bg2 O-O 6. O-O dxc4 7. Qc2 a6 8.
a4 Bd7 9. Qxc4 Bc6 10. Bg5 Bd5 11. Qc2 Be4 12. Qc1 h6 13. Bxf6 Bxf6 14. e3
a5 15. Nbd2 Bxf3 16. Bxf3 c6 17. Nc4 Na6 18. h4 Qc7 19. Rd1 Rfd8 20. Qc2 c5
21. dxc5 Nxc5 22. Kg2 Rxd1 23. Rxd1 Rd8 24. Rxd8+ Qxd8 1/2-1/2

[Event "Saint Louis Blitz 2020"]
[Site "Internet"]
[Date "18.09.2020"]
[Round "6B"]
[White "Carlsen,M"]
[Black "Grischuk,A"]
[Result "1-0"]
[WhiteElo "2863"]
[BlackElo "2777"]
[EventDate "2020.09.15"]

1. d4 Nf6 2. Nf3 d5 3. c4 e6 4. Nc3 Bb4 5. cxd5 exd5 6. Bf4 Ne4 7. Rc1 Nc6
8. Nd2 g5 9. Be3 Nxc3 10. bxc3 Ba3 11. Rb1 f5 12. g3 O-O 13. f4 Qe7 14. Bf2
gxf4 15. Bg2 Bd6 16. Bxd5+ Kh8 17. Nf3 Nd8 18. Qd2 c6 19. Bb3 Ne6 20. d5
cxd5 21. Bxd5 fxg3 22. hxg3 f4 23. gxf4 Bxf4 24. Qd3 Rf7 25. Rb4 Bd6 26.
Rbh4 Kg8 27. Nd4 Qf6 28. Nxe6 Bxe6 29. Bd4 Be5 30. Rh6 1-0

[Event "Saint Louis Blitz 2020"]
[Site "Internet"]
[Date "18.09.2020"]
[Round "7B"]
[White "Aronian,L"]
[Black "Nakamura,Hi"]
[Result "0-1"]
[WhiteElo "2773"]
[BlackElo "2736"]
[EventDate "2020.09.15"]

1. d4 Nf6 2. c4 e6 3. Nf3 d5 4. g3 Be7 5. Bg2 O-O 6. O-O dxc4 7. Qc2 a6 8.
a4 Bd7 9. Qxc4 Bc6 10. Bf4 Bd6 11. Nc3 Bxf4 12. gxf4 a5 13. Kh1 Na6 14. e3
Nb4 15. Qe2 Bxf3 16. Bxf3 c6 17. Rg1 Qe7 18. Rg5 Kh8 19. Rag1 g6 20. Qc2
Nxc2 0-1

[Event "Saint Louis Blitz 2020"]
[Site "Internet"]
[Date "19.09.2020"]
[Round "10B"]
[White "Nakamura,Hi"]
[Black "Carlsen,M"]
[Result "1-0"]
[WhiteElo "2736"]
[BlackElo "2863"]
[EventDate "2020.09.15"]

1. e4 c5 2. Nf3 e6 3. d4 cxd4 4. Nxd4 a6 5. Bd3 Bc5 6. Nb3 Ba7 7. Qe2 Nc6
8. Be3 d6 9. O-O Nf6 10. Nc3 O-O 11. Rad1 b5 12. f4 e5 13. Bxa7 Rxa7 14. f5
Rd7 15. Nd5 Bb7 16. c4 bxc4 17. Bxc4 Ne7 18. Nxf6+ gxf6 19. Kh1 Kh8 20. Rd3
Bxe4 21. Qxe4 d5 22. Qh4 Ng8 23. Rg3 1-0

[Event "Saint Louis Blitz 2020"]
[Site "Internet"]
[Date "19.09.2020"]
[Round "10B"]
[White "So,W"]
[Black "Xiong,Jeffery"]
[Result "1/2-1/2"]
[WhiteElo "2770"]
[BlackElo "2709"]
[EventDate "2020.09.15"]

1. d4 Nf6 2. c4 e6 3. Nc3 Bb4 4. Qc2 O-O 5. e4 d6 6. e5 Bxc3+ 7. Qxc3 Ne4
8. Qe3 f5 9. exf6 Nxf6 10. Nf3 Nc6 11. Be2 e5 12. dxe5 Ng4 13. Qg5 Qxg5 14.
Bxg5 Ngxe5 15. Nxe5 Nxe5 16. Be3 Bf5 17. Kd2 b6 18. Rhe1 Rae8 19. f3 Ng6
20. Bf1 Bd7 21. Bf2 Bc6 22. Rxe8 Rxe8 23. Re1 Rxe1 24. Bxe1 Kf7 25. b4 Ne5
26. Ke3 g5 27. Be2 Ng6 28. g3 h6 29. Bc3 Ne7 30. Bd3 Bd7 31. Be2 Be6 32.
Bd2 c5 33. a3 Nc6 34. Bc3 Ne5 35. Bxe5 dxe5 36. Ke4 Kf6 37. b5 1/2-1/2

[Event "Saint Louis Blitz 2020"]
[Site "Internet"]
[Date "19.09.2020"]
[Round "10B"]
[White "Dominguez Perez,L"]
[Black "Harikrishna,P"]
[Result "1/2-1/2"]
[WhiteElo "2758"]
[BlackElo "2732"]
[EventDate "2020.09.15"]

1. e4 c6 2. d4 d5 3. e5 Bf5 4. Nf3 e6 5. Be2 c5 6. Be3 Qb6 7. Nc3 Nc6 8.
Na4 Qa5+ 9. c3 c4 10. b4 Qd8 11. O-O h6 12. Nb2 Nge7 13. Nh4 Bh7 14. f4 Nf5
15. Nxf5 Bxf5 16. g4 Be4 17. f5 Qd7 18. fxe6 fxe6 19. Bf3 Bxf3 20. Qxf3
O-O-O 21. Qf7 Qxf7 22. Rxf7 Rd7 23. Raf1 Rxf7 24. Rxf7 Nd8 25. Rf1 Be7 26.
Kg2 h5 27. h3 b5 28. Nd1 hxg4 29. hxg4 a5 30. a3 Kd7 31. Nf2 Nc6 32. Nh3
axb4 33. axb4 Ra8 34. Bg5 Ra2+ 35. Kg3 Ra3 36. Rf3 Bxb4 37. cxb4 Rxf3+ 38.
Kxf3 Nxd4+ 39. Kf2 Nc6 40. Bd2 d4 41. Nf4 Nxe5 42. g5 c3 43. Bc1 d3 44. Be3
Ng4+ 45. Kf3 d2 46. Bxd2 cxd2 47. Ke2 Nf2 48. Kxd2 Ne4+ 49. Ke3 Nxg5 50.
Nh5 Nh7 51. Nxg7 Kd6 52. Kd4 e5+ 53. Ke4 Ng5+ 54. Kf5 Nf3 55. Ne8+ Kd5 56.
Nc7+ Kc6 57. Nxb5 Kxb5 58. Ke4 Kc4 59. Kxf3 Kxb4 60. Ke4 Kc5 61. Kxe5
1/2-1/2

[Event "Saint Louis Blitz 2020"]
[Site "Internet"]
[Date "19.09.2020"]
[Round "10B"]
[White "Firouzja,Alireza"]
[Black "Aronian,L"]
[Result "0-1"]
[WhiteElo "2728"]
[BlackElo "2773"]
[EventDate "2020.09.15"]

1. e4 e5 2. Nf3 Nc6 3. Bb5 Nf6 4. d3 Bc5 5. Bxc6 dxc6 6. O-O Qe7 7. Nbd2
Bg4 8. a3 a5 9. h3 Bh5 10. Nc4 Nd7 11. g4 Bg6 12. b4 Bb6 13. Bd2 a4 14. Kg2
h5 15. Qe2 O-O-O 16. Rh1 f6 17. Nb2 Bf7 18. Nxa4 g5 19. Nxb6+ cxb6 20. Be3
Kc7 21. c3 Nf8 22. Nd2 Ne6 23. a4 Qd7 24. a5 bxa5 25. bxa5 Qxd3 26. Qxd3
Rxd3 27. a6 Nf4+ 28. Kg1 Ra8 29. a7 h4 30. c4 b6 31. Kh2 c5 32. Rhb1 Be6
33. Rb2 Rd6 34. Bxf4 exf4 35. e5 fxe5 36. Ne4 Rd4 37. Nxg5 Bxc4 38. Nf3 Rd5
39. Nxh4 b5 40. Nf5 Bd3 41. Ng7 c4 42. Nh5 Kb6 43. Rba2 c3 44. Ra6+ Kc5 45.
Nf6 Rd6 46. Rxd6 Kxd6 47. Ne8+ Rxe8 0-1

[Event "Saint Louis Blitz 2020"]
[Site "Internet"]
[Date "19.09.2020"]
[Round "10B"]
[White "Grischuk,A"]
[Black "Nepomniachtchi,I"]
[Result "1-0"]
[WhiteElo "2777"]
[BlackElo "2784"]
[EventDate "2020.09.15"]

1. d4 Nf6 2. Nf3 g6 3. Nbd2 d5 4. e3 Bg7 5. b4 O-O 6. Bb2 a5 7. b5 a4 8. c4
a3 9. Bc3 Ne4 10. Nxe4 dxe4 11. Nd2 f5 12. Qb3 e5 13. c5+ Kh8 14. d5 Nd7
15. Bb4 Nf6 16. Bc4 f4 17. c6 b6 18. h3 Bf5 19. Bxa3 Rxa3 20. Qxa3 Ne8 21.
Be2 Qg5 22. Rg1 Nf6 23. d6 cxd6 24. g4 d5 25. O-O-O Be6 26. Kb1 Qh4 27. g5
Ne8 28. Qe7 Bg8 29. Rdf1 f3 30. Bd1 d4 31. Bb3 Bxb3 32. axb3 Qxh3 33. Nc4
Qc8 34. Rh1 dxe3 35. fxe3 Nc7 36. Rd1 f2 37. Nd6 Qa8 38. Nf7+ Kg8 39. Rd7
Ne8 40. Qe6 h5 41. Nxe5+ Kh7 42. Qxg6+ Kg8 43. Qe6+ 1-0

[Event "Saint Louis Blitz 2020"]
[Site "Internet"]
[Date "19.09.2020"]
[Round "11B"]
[White "Aronian,L"]
[Black "Grischuk,A"]
[Result "1-0"]
[WhiteElo "2773"]
[BlackElo "2777"]
[EventDate "2020.09.15"]

1. e4 c6 2. d4 d5 3. e5 Bf5 4. Bd3 Bxd3 5. Qxd3 e6 6. Ne2 c5 7. c3 Nc6 8.
O-O Qb6 9. Nd2 cxd4 10. cxd4 Nb4 11. Qb3 Nc6 12. Qxb6 axb6 13. Nf3 b5 14.
Be3 b4 15. Rfc1 Nge7 16. g4 Nc8 17. Nf4 Nb6 18. b3 Be7 19. Nh5 Rg8 20. Rc2
f6 21. Bf4 Kf7 22. Re1 Rae8 23. Rce2 Bd8 24. h3 Nd7 25. Kg2 Bb6 26. Be3 Bc7
27. Bd2 Bb6 28. exf6 gxf6 29. Nf4 Nxd4 30. Nxd4 Bxd4 31. Nxe6 Be5 32. Nf4
Bxf4 33. Bxf4 Nc5 34. Rxe8 Rxe8 35. Rxe8 Kxe8 36. Bd2 Ne4 37. Bxb4 d4 38.
Kf1 Kd7 39. f3 Ng5 40. Kg2 Kc6 41. h4 Ne6 42. Bd2 Kd5 43. Kf2 Ke5 44. Ke2
f5 45. gxf5 Kxf5 46. Kd3 Ke5 47. a4 Kd5 48. b4 h5 49. Bh6 Nd8 50. Bf8 Ne6
51. Bh6 Nd8 52. Bd2 Nf7 53. Bf4 Nd8 54. Bd2 Ne6 55. f4 Ng7 56. b5 Ne6 57.
a5 Nc5+ 58. Ke2 Ke4 59. Bb4 d3+ 60. Kd1 Ne6 61. a6 bxa6 62. bxa6 Nc7 63. a7
Na8 64. Kd2 Nb6 65. Ba5 Na8 66. f5 Kxf5 67. Kxd3 Ke6 68. Kc4 Kd7 69. Kb5
Kc8 70. Ka6 1-0

[Event "Saint Louis Blitz 2020"]
[Site "Internet"]
[Date "19.09.2020"]
[Round "11B"]
[White "Harikrishna,P"]
[Black "Firouzja,Alireza"]
[Result "0-1"]
[WhiteElo "2732"]
[BlackElo "2728"]
[EventDate "2020.09.15"]

1. d4 Nf6 2. c4 e6 3. Nc3 Bb4 4. Nf3 b6 5. Bd2 Bb7 6. e3 O-O 7. Bd3 d5 8.
cxd5 exd5 9. O-O a6 10. Ne2 Bd6 11. Ng3 Re8 12. Nf5 Bf8 13. Ne5 c5 14. f4
Nc6 15. Be1 g6 16. Bh4 gxf5 17. Bxf5 Bg7 18. Rf3 Qd6 19. Rg3 Ne7 20. Bc2
Ng6 21. Bxf6 Qxf6 22. Qh5 cxd4 23. exd4 Qxf4 24. Nf3 Re2 25. Bd3 Qe3+ 26.
Kh1 Qxd3 27. Ng5 Qd2 28. Qxh7+ Kf8 29. Rf1 Re1 30. Ne6+ Ke7 31. Rgf3 Rxf1+
32. Rxf1 Bf6 33. Ng7 Rh8 34. Nf5+ Kf8 0-1

[Event "Saint Louis Blitz 2020"]
[Site "Internet"]
[Date "19.09.2020"]
[Round "11B"]
[White "Xiong,Jeffery"]
[Black "Dominguez Perez,L"]
[Result "1/2-1/2"]
[WhiteElo "2709"]
[BlackElo "2758"]
[EventDate "2020.09.15"]

1. d4 Nf6 2. c4 e6 3. Nf3 d5 4. g3 dxc4 5. Bg2 Bb4+ 6. Bd2 a5 7. Qc2 Bxd2+
8. Qxd2 c6 9. a4 b5 10. axb5 cxb5 11. Qg5 O-O 12. Qxb5 Ba6 13. Qxa5 Bb7 14.
Qxd8 Rxa1 15. Qxf8+ Kxf8 16. O-O Ra2 17. Nbd2 Bxf3 18. Bxf3 c3 19. Nc4 cxb2
20. Kg2 Ra4 21. Nxb2 1/2-1/2

[Event "Saint Louis Blitz 2020"]
[Site "Internet"]
[Date "19.09.2020"]
[Round "12B"]
[White "Carlsen,M"]
[Black "So,W"]
[Result "1-0"]
[WhiteElo "2863"]
[BlackElo "2770"]
[EventDate "2020.09.15"]

1. d4 Nf6 2. c4 e6 3. Nf3 d5 4. Nc3 Be7 5. Bf4 O-O 6. e3 Nbd7 7. Be2 dxc4
8. O-O c5 9. dxc5 Nxc5 10. Bxc4 Qxd1 11. Rfxd1 b6 12. Ne5 Bb7 13. f3 Nh5
14. b4 Na6 15. a3 Bf6 16. Bxa6 Bxa6 17. Ne4 Rfd8 18. Rxd8+ Rxd8 19. Rc1 Bb5
20. g4 Nxf4 21. exf4 Bh4 22. Kg2 f5 23. Ng5 fxg4 24. fxg4 Rd2+ 25. Kh3 Bxg5
26. fxg5 Kf8 27. Rc7 Re2 28. g6 h5 29. Nd7+ Ke7 30. Nxb6+ Kf6 31. Rxa7 Re3+
32. Kh4 hxg4 33. Kxg4 Kxg6 34. a4 Re4+ 35. Kg3 Rxb4 36. axb5 Rxb5 37. Nc4
Rb3+ 38. Kg2 Rc3 39. Ne5+ Kf6 40. Ra5 Kf5 41. Nf3+ Kf4 42. Ra4+ Kf5 43. Ra7
Kf6 44. Ra6 Rc4 45. Kg3 Rb4 46. h4 Rb3 47. Kg4 Rb4+ 48. Kg3 Rb3 49. Ra4 e5
50. Kg4 Rb6 51. Ng5 Rc6 52. h5 Rb6 53. Ne4+ Ke6 54. Ra7 Kd5 55. Ng5 e4 56.
Rxg7 e3 57. Re7 Kd4 58. Ne6+ Kc3 59. Nf4 Kd2 60. Kf3 Rb3 61. Rd7+ Ke1 62.
Ng2+ 1-0

[Event "Saint Louis Blitz 2020"]
[Site "Internet"]
[Date "19.09.2020"]
[Round "12B"]
[White "Dominguez Perez,L"]
[Black "Nakamura,Hi"]
[Result "0-1"]
[WhiteElo "2758"]
[BlackElo "2736"]
[EventDate "2020.09.15"]

1. e4 e5 2. Nf3 Nc6 3. Bb5 a6 4. Ba4 d6 5. c3 Bd7 6. d4 Nf6 7. O-O g6 8.
Re1 Bg7 9. h3 O-O 10. Bc2 Re8 11. Nbd2 b5 12. Nf1 Na5 13. Ng3 c5 14. d5 h6
15. b3 Nb7 16. Be3 Qc7 17. Qd2 Kh7 18. Rf1 a5 19. Nh2 a4 20. b4 Rac8 21.
Bd3 cxb4 22. cxb4 Qc3 23. Rac1 Qxd2 24. Bxd2 h5 25. Rxc8 Rxc8 26. Rc1 Rxc1+
27. Bxc1 Ne8 28. Ne2 Nc7 29. Nc3 f5 30. Nf3 Bf6 31. Be3 fxe4 32. Bxe4 Bf5
33. Nd2 Kg7 34. f3 h4 35. Ndb1 Na6 36. a3 Nc7 37. Bb6 Na8 38. Ba7 Nc7 39.
Bb6 Na8 40. Be3 Nc7 41. Kf2 Kf7 42. Bb6 Na8 43. Ba7 Nc7 44. Bb6 Na8 45. Be3
Nc7 46. Ke2 Ke7 47. Bb6 Na8 48. Ba7 Nc7 49. Bb6 Na8 50. Be3 Nc7 51. Bd3 Kf7
52. Nd2 e4 53. Ndxe4 Bxe4 54. Nxe4 Bb2 55. Bb6 Nxd5 56. Be3 Nxe3 57. Kxe3
d5 58. Ng5+ Kf6 59. f4 Bxa3 60. Bxb5 Bc1+ 61. Kd3 a3 0-1

[Event "Saint Louis Blitz 2020"]
[Site "Internet"]
[Date "19.09.2020"]
[Round "12B"]
[White "Firouzja,Alireza"]
[Black "Xiong,Jeffery"]
[Result "0-1"]
[WhiteElo "2728"]
[BlackElo "2709"]
[EventDate "2020.09.15"]

1. e4 d5 2. exd5 Qxd5 3. Nc3 Qd8 4. d4 Nf6 5. Nf3 g6 6. Bf4 Bg7 7. Qd2 a6
8. Bc4 O-O 9. Bb3 Nc6 10. O-O-O Bg4 11. d5 Bxf3 12. gxf3 Na5 13. Bh6 c6 14.
Bxg7 Kxg7 15. Rhe1 Qc7 16. Qe3 Rfe8 17. dxc6 Nxb3+ 18. axb3 Qxc6 19. Rd4 b5
20. Red1 Rac8 21. R1d2 a5 22. Ne4 Rc7 23. Kb1 Rcc8 24. h4 Ra8 25. R2d3 Rac8
26. Rd2 Ra8 27. Ng3 a4 28. b4 h5 29. Ne4 Nxe4 30. fxe4 Rec8 31. Rd7 Qf6 32.
Qd4 Rc4 33. Qd5 Ra6 34. Qxb5 Rxe4 35. Ka2 Rb6 36. Qc5 Rexb4 37. c3 Qe6+ 38.
Ka1 Rxh4 39. Rd1 a3 40. b4 Rc4 41. Qg5 Rxc3 42. Rxe7 Qf6 43. Qxf6+ Kxf6 44.
Re4 Rf3 45. Rd2 g5 46. Ka2 h4 47. Rd8 h3 48. Rh8 Ra6 49. Re2 Kg7 50. Rh5
Kg6 51. Rh8 Rb6 52. Rg8+ Kf5 53. Rc2 f6 54. Rc5+ Kg4 55. Rh8 Rxb4 56. Ka1
Rbf4 57. Ra5 Rxf2 58. Rxa3 Rf1+ 0-1

[Event "Saint Louis Blitz 2020"]
[Site "Internet"]
[Date "19.09.2020"]
[Round "12B"]
[White "Grischuk,A"]
[Black "Harikrishna,P"]
[Result "1/2-1/2"]
[WhiteElo "2777"]
[BlackElo "2732"]
[EventDate "2020.09.15"]

1. e4 c6 2. d4 d5 3. e5 Bf5 4. Nf3 e6 5. Be2 c5 6. Be3 Qb6 7. Nc3 Nc6 8.
O-O Qxb2 9. Qe1 cxd4 10. Bxd4 Nxd4 11. Nxd4 Bb4 12. Rb1 Bxc3 13. Rxb2 Bxe1
14. Rxe1 b6 15. h4 h5 16. Nxf5 exf5 17. c4 d4 18. c5 Ne7 19. cxb6 axb6 20.
Bb5+ Kf8 21. Rd2 Rd8 22. Red1 Ng6 23. Rxd4 Rxd4 24. Rxd4 Ke7 25. Rd7+ Ke6
26. Rb7 Ra8 27. a4 f4 28. Rxb6+ Kxe5 29. Ra6 Rxa6 30. Bxa6 Nxh4 31. Bc4 f6
32. Bf7 g6 33. Kh2 Kd6 34. Kh3 g5 35. Bxh5 Kc5 36. Be8 Kb4 37. Bc6 Ng6 38.
g3 Ne5 39. Bb5 fxg3 40. Kxg3 f5 41. f4 gxf4+ 42. Kxf4 Nc4 43. Bxc4 Kxc4 44.
Kxf5 Kb4 45. Kg6 Kxa4 1/2-1/2

[Event "Saint Louis Blitz 2020"]
[Site "Internet"]
[Date "19.09.2020"]
[Round "12B"]
[White "Nepomniachtchi,I"]
[Black "Aronian,L"]
[Result "0-1"]
[WhiteElo "2784"]
[BlackElo "2773"]
[EventDate "2020.09.15"]

1. b3 d5 2. Bb2 Bf5 3. d3 e6 4. Nd2 Nf6 5. g3 h6 6. Bg2 Bh7 7. a3 Be7 8. e4
O-O 9. Qe2 c5 10. Ngf3 Nc6 11. O-O Qc7 12. Rfe1 Rfd8 13. Rad1 a5 14. a4 Nb4
15. Rc1 Rac8 16. Ne5 Na2 17. Ra1 Nb4 18. Rac1 Na2 19. Rcd1 Nb4 20. Nf1 c4
21. bxc4 dxe4 22. dxe4 Na6 23. Rxd8+ Rxd8 24. Ng4 Nxg4 25. Qxg4 Bf8 26. Ne3
Nc5 27. Ra1 Qc6 28. e5 Be4 29. Bxe4 Nxe4 30. Qf3 Rd2 31. Rf1 Bc5 32. Bc1
Bxe3 33. Bxd2 Bxd2 34. Rd1 Qxc4 35. Qd3 Qc6 36. Rxd2 Nxd2 37. Qxd2 Qxa4 38.
Qd8+ Kh7 39. Qc7 Qc6 40. Qxa5 Qxc2 41. h4 Qb1+ 42. Kh2 b5 43. Qa7 Qf5 44.
Qd4 b4 45. Qxb4 Qxf2+ 46. Kh3 Qf5+ 47. Kh2 Qxe5 48. Qb7 Qf5 49. Qd7 h5 50.
Kg2 Qd5+ 51. Kf2 Qxd7 0-1

[Event "Saint Louis Blitz 2020"]
[Site "Internet"]
[Date "19.09.2020"]
[Round "13B"]
[White "Aronian,L"]
[Black "Carlsen,M"]
[Result "1/2-1/2"]
[WhiteElo "2773"]
[BlackElo "2863"]
[EventDate "2020.09.15"]

1. e4 e5 2. Nf3 Nc6 3. Bc4 Bc5 4. c3 Nf6 5. d4 exd4 6. e5 d5 7. Bb5 Ne4 8.
cxd4 Bb6 9. Nc3 O-O 10. Be3 Bg4 11. h3 Bh5 12. Qc2 f5 13. Nxd5 Ba5+ 14. Ke2
Nxd4+ 15. Bxd4 Nd2 16. Qc5 Ne4 17. Qc2 Nd2 18. Qc5 Ne4 19. Qc2 1/2-1/2

[Event "Saint Louis Blitz 2020"]
[Site "Internet"]
[Date "19.09.2020"]
[Round "13B"]
[White "Harikrishna,P"]
[Black "Nepomniachtchi,I"]
[Result "1/2-1/2"]
[WhiteElo "2732"]
[BlackElo "2784"]
[EventDate "2020.09.15"]

1. e4 c5 2. Nf3 d6 3. d4 cxd4 4. Qxd4 Nf6 5. Be2 Nc6 6. Qe3 g6 7. O-O Bg7
8. Rd1 O-O 9. h3 Nd7 10. Nc3 b6 11. Rb1 Bb7 12. Nd5 Rc8 13. c4 e6 14. Nc3
Qe7 15. b3 Rfd8 16. Bb2 Nc5 17. Nb5 Bxb2 18. Rxb2 a6 19. Nc3 Ne5 20. Rbd2
Nxf3+ 21. Bxf3 e5 22. Bg4 Rb8 23. Nd5 Bxd5 24. cxd5 b5 25. b4 Na4 26. Rc2
Nb6 27. Rc7 1/2-1/2

[Event "Saint Louis Blitz 2020"]
[Site "Internet"]
[Date "19.09.2020"]
[Round "13B"]
[White "Xiong,Jeffery"]
[Black "Grischuk,A"]
[Result "1/2-1/2"]
[WhiteElo "2709"]
[BlackElo "2777"]
[EventDate "2020.09.15"]

1. d4 Nf6 2. Nf3 d5 3. c4 e6 4. g3 dxc4 5. Bg2 Bb4+ 6. Bd2 a5 7. Qc2 c5 8.
dxc5 Bxc5 9. O-O b6 10. Na3 Bb7 11. Rad1 Qe7 12. Nxc4 O-O 13. Bc3 Nd5 14.
Nfe5 Na6 15. a3 Rfd8 16. Qb3 a4 17. Qxa4 Nxc3 18. bxc3 Bxg2 19. Kxg2 Nc7
20. Rxd8+ Rxd8 21. Rd1 b5 22. Nc6 bxa4 23. Rxd8+ Qxd8 24. Nxd8 Nb5 25. Nb7
Be7 26. Nba5 Nxc3 27. Kf3 Nb5 28. Nb6 Bxa3 29. Nxa4 Kf8 1/2-1/2